000 01117nam a2200301 i 4500
003 DO-SdBNP
005 20240716111721.0
007 ta
008 230606e2002 dr ||||| |||| 00| 0 spa d
020 _a999343907X
040 _aDO-SdBNP
_bspa
_cBNPHU
_erda
082 4 _222
_aR 467.97293
_bE79d, 2002
100 _4Deive, Carlos Esteban,
_d1935-2019
_983514
_eautor
245 1 0 _aDiccionario de dominicanismos /
_cCarlos Esteban Deive ; cuidado de la edición y prólogo, Diógenes Céspedes.
250 _a2da. edición
264 1 _aSanto Domingo :
_bLa Trinitaria,
_bManatí,
_c2002.
300 _a251 páginas ;
_c22 cm
336 _2rdacontent
_atexto
_btxt
337 _2rdamedia
_asin mediación
_bn
338 _2rdacarrier
_avolumen
_bnc
500 _aIncluye datos biográficos del autor en la solapa de la cubierta
504 _aBibliografía : páginas 235 - 247
590 _aInventariado 2023 / MF
650 4 _aEspañol
_xProvincialismos
_zRepública Dominicana
_937486
650 4 _aDominicanismos
_xDiccionarios
_919997
700 1 _aCéspedes, Diógenes,
_d1941-
_920548
_eedición
942 _2ddc
_cLBS1
999 _c53736
_d53736